[Event "Top 12 FRA-chT 2017"]
[Site "Chartres"]
[Date "2017.05.24"]
[Round "7"]
[White "Sanikidze, Tornike"]
[Black "Neiksans, Arturs"]
[Result "0-1"]
[WhiteElo "2518"]
[BlackElo "2599"]
[Annotator "TA"]
[PlyCount "68"]
[EventDate "2017.??.??"]
[EventType "team-tourn"]
[EventCountry "FRA"]
[SourceTitle "playchess.com"]
[Source "ChessBase"]
[SourceQuality "1"]
[WhiteTeam "Strasbourg"]
[BlackTeam "Saint Quentin"]

{[%evp 19,68,20,29,0,0,0,0,0,0,0,4,-6,-17,-26,-19,-50,-48,-100,-99,-96,-79,-83,-90,-101,-97,-257,-265,-253,-254,-385,-395,-407,-413,-406,-295,-426,-397,-391,-376,-477,-466,-583,-585,-576,-550,-29984,-29985,-3895,-56,-2552,-2619]} 1. d4 Nf6 2. c4 e6 3. Nf3 b6 4. a3 Bb7 5. Nc3 d5 6. cxd5 Nxd5 7. Qa4+ Nd7 8. Nxd5 Bxd5 {E12: Queen's Indian: Unusual White 4th moves, 4 a3, 4 Nc3 Bb7 5 a3 and 4 Nc3 Bb7} 9. Qc2 Rc8 10. e4 Bb7 {LiveBook: 3 Games. The position is equal.} 11. Bb5 c6 12. Bc4 Be7 $146 ({Predecessor:} 12... b5 13. Be2 c5 14. d5 c4 15. O-O Bc5 16. a4 {½-½ (46) Mchedlishvili,M (2659)-Sasikiran,K (2707) Istanbul 2012}) 13. O-O O-O 14. Bf4 b5 15. Ba2 c5 16. d5 c4 17. d6 Bf6 18. e5 (18. Rad1 $15) 18... Bxf3 $1 $17 19. exf6 Qxf6 20. Bb1 {[%csl Gb1][%cal Rc2h7]} g6 {And now ...Bxg2 would win.} 21. Bh6 {[#]} Qh4 $1 $40 {[%cal Rh4g4][%mdl 640] White is in trouble.} 22. Qc3 $2 (22. Bxf8 {is a self mate.} Qg4 23. g3 Qh3 24. Qxg6+ fxg6 25. Be7 Qg2#) (22. Qd2 $17 {was necessary.} Qg4 23. Qg5) 22... Qxh6 $19 23. Qxf3 Qd2 24. Qb7 (24. Qc3 $142 Qxd6 25. Bc2) 24... Nc5 {[%cal Bd7c5,Bc5b3,Bb3d4,Bd4f3][%mdl 32]} 25. Qxb5 {[#]} Nb3 $1 {[%cal Rb3a1]} 26. Ra2 Qxd6 27. Bc2 (27. Qg5 {might work better.}) 27... Nd4 28. Qa4 Rc5 {( -> ...Ne2+)} 29. Bd1 a5 30. b4 cxb3 31. Bxb3 Rb8 32. Bc4 Nf3+ 33. gxf3 Rg5+ 34. Kh1 {[#]} Qf4 $1 {Precision: White = 37%, Black = 98%.} ({Not} 34... Rh5 35. f4 $11) 0-1

[Event "Top 12 FRA-chT 2017"]
[Site "Chartres"]
[Date "2017.05.24"]
[Round "7"]
[White "Vernay, Clovis"]
[Black "Hamitevici, Vladimir"]
[Result "1-0"]
[WhiteElo "2501"]
[BlackElo "2487"]
[Annotator "TA"]
[PlyCount "73"]
[EventDate "2017.??.??"]
[EventType "team-tourn"]
[EventCountry "FRA"]
[SourceTitle "playchess.com"]
[Source "ChessBase"]
[SourceQuality "1"]
[WhiteTeam "Bois-Colombes"]
[BlackTeam "Vandoeuvre"]

{[%evp 9,73,46,38,41,38,12,23,14,32,0,0,-6,5,0,0,0,0,-1,19,14,13,20,68,26,31,35,26,-62,-35,-58,-67,-67,-52,-66,-35,-31,-31,-31,-36,-31,6,13,12,10,38,17,369,275,367,359,344,340,347,337,425,425,390,410,519,502,554,514,533,482,519,512]} 1. d4 Nf6 2. c4 b6 3. f3 e6 4. e4 Bb4+ (4... Bb7 5. Nc3 d5 6. cxd5 exd5 7. e5 Nfd7 8. f4 c5 9. Nf3 Be7 10. Be3 O-O 11. Be2 Nc6 12. Nxd5 cxd4 13. Bxd4 Nxd4 14. Nxe7+ Qxe7 15. Qxd4 {½-½ (49) Wojtaszek,R (2736)-Delgado Ramirez,N (2618) Baku 2016}) 5. Nc3 O-O {LiveBook: 3 Games} 6. Bd3 {A50: Queen's Fianchetto Defence (1 d4 Nf6 2 c4 b6)} c5 7. a3 $146 ({Predecessor:} 7. d5 exd5 8. cxd5 d6 9. Nge2 Nbd7 10. a3 Bxc3+ 11. Nxc3 a6 12. a4 Ne5 {1-0 (30) Hase,J (2420)-Vilchez,V (2200) Moron 1982}) 7... Ba5 8. e5 {White has an edge.} Ne8 9. Be4 (9. dxc5 $5 {[%cal Rb2b4]} Bxc3+ 10. bxc3 $16) 9... Nc6 10. Nge2 Bb7 (10... Bxc3+ $5 11. bxc3 f5 12. Bxc6 dxc6 $14) 11. Be3 d5 12. cxd5 exd5 13. Bc2 cxd4 14. Bxd4 {[#] b4 is the strong threat.} Nxd4 (14... Bxc3+ $5 15. Bxc3 Nc7 $11) 15. Qxd4 {Threatens to win with b4.} b5 16. Qd3 {[%csl Gc2][%cal Rd3h7]} Qh4+ 17. g3 Qh6 18. b4 (18. Nd4 $11) 18... Bb6 19. Nxb5 Ba6 $1 20. a4 {[%cal Ba3a4,Ba4a5][%mdl 32]} Nc7 {[%mdl 1024] Black has compensation.} 21. Ned4 {[%cal Be2d4,Bd4f5,Bf5d6][%mdl 32]} Rae8 22. f4 f6 23. Nf5 Qh3 ({Reject} 23... Qh5 $6 24. g4 $11) 24. Nfd6 Re7 25. a5 $36 {[%mdl 2048] White fights for an advantage.} Bf2+ 26. Kxf2 {[#] Strongly threatening Qf5.} fxe5 27. Rae1 {Hoping for Qb3.} (27. Qxh7+ $5 Qxh7 28. Bxh7+ Kxh7 29. Nxc7 (29. Nxa7 exf4 30. Rhc1 fxg3+ 31. Kxg3 Be2 $15) 29... Rxc7 30. Rhc1 $16) 27... Re6 $2 {[%mdl 8192]} (27... Kh8 $11) 28. Qxh7+ $1 $18 Qxh7 29. Bxh7+ Kxh7 30. Nxc7 Rxd6 31. Nxa6 ({Resist} 31. Rxe5 Bc4) 31... exf4 32. Nc5 fxg3+ 33. Kg2 Rf2+ 34. Kg1 {White is clearly winning.} Rb2 {And now ...g2 would win.} 35. hxg3+ Kg8 36. Nd3 Rd2 37. Ne5 {Precision: White = 52%, Black = 44%.} 1-0

[Event "Top 12 FRA-chT 2017"]
[Site "Chartres"]
[Date "2017.05.24"]
[Round "7"]
[White "Wirig, Anthony"]
[Black "Demuth, Adrien"]
[Result "1/2-1/2"]
[WhiteElo "2486"]
[BlackElo "2542"]
[Annotator "TA"]
[PlyCount "35"]
[EventDate "2017.??.??"]
[EventType "team-tourn"]
[EventCountry "FRA"]
[SourceTitle "playchess.com"]
[Source "ChessBase"]
[SourceQuality "1"]
[WhiteTeam "Grasse Echecs"]
[BlackTeam "Nice Alekhine"]

{[%evp 18,28,30,38,29,18,28,10,28,20,36,44,48]} 1. d4 d5 2. Nf3 e6 3. c4 c5 4. cxd5 exd5 5. g3 Nf6 6. Bg2 Be7 7. O-O O-O 8. Nc3 Nc6 9. dxc5 Bxc5 10. a3 Ne4 {D34: Tarrasch Defence: 6 g3 Nf6 7 Bg2 Be7} 11. Nxd5 {White wants to play Bf4.} Be6 12. Nc3 Nxc3 13. bxc3 Qxd1 14. Rxd1 Rad8 {[#]} {Predecessor:} 15. Bb2 $146 Na5 16. Nd4 Bb3 17. Re1 Ba4 18. e3 {½-½ (31) Bacrot,E (2706)-Delchev,A (2622) Plovdiv 2012} 1/2-1/2

[Event "Top 12 FRA-chT 2017"]
[Site "Chartres"]
[Date "2017.05.24"]
[Round "7"]
[White "Relange, Eloi"]
[Black "Heinz, Timothee"]
[Result "1/2-1/2"]
[WhiteElo "2464"]
[BlackElo "2353"]
[Annotator "TA"]
[PlyCount "107"]
[EventDate "2017.??.??"]
[EventType "team-tourn"]
[EventCountry "FRA"]
[SourceTitle "playchess.com"]
[Source "ChessBase"]
[SourceQuality "1"]
[WhiteTeam "Saint Quentin"]
[BlackTeam "Strasbourg"]

{[%evp 23,107,35,33,37,42,25,25,18,25,25,19,13,4,0,0,1,9,0,11,-11,-20,-31,-26,-106,-114,-132,-117,-117,-112,-106,-107,-146,-113,-115,-113,-139,-124,-108,-56,-56,-56,-58,0,0,0,-104,-104,-108,-105,-95,-118,-172,-24,-12,-11,-79,-64,-61,-33,-75,-58,-64,-52,-63,0,0,0,0,0,-52,0,-64,-37,-37,0,0,0,0,0,0,10,10,24,12,33,0]} 1. d4 d5 2. c4 c6 3. Nf3 Nf6 4. Nc3 dxc4 5. a4 Bf5 6. Ne5 e6 7. f3 c5 8. e4 {D17: Slav Defence: 5 a4 Bf5: Lines with 6 Nh4 and 6 Ne5} Bg6 9. Be3 cxd4 10. Qxd4 Qxd4 11. Bxd4 Nfd7 12. Nxd7 Nxd7 {LiveBook: 92 Games} 13. Bxc4 Rc8 (13... a6 14. Rc1 Rc8 15. Na2 Rg8 {1-0 (45) Lenic,L (2622)-Mastrovasilis,D (2601) Baku 2016}) 14. Ba2 a6 15. Ke2 Nb8 {[#]} 16. a5 $146 Nc6 17. Bb6 Bb4 18. Bb3 Ke7 19. Ra4 f6 20. h4 Be8 21. f4 Bd6 22. g3 Nb8 23. e5 (23. Raa1 $11 {keeps the balance.}) 23... fxe5 $17 24. fxe5 Bc5 $1 25. Rf4 Bxb6 26. axb6 Rc5 27. Kf2 Rxe5 28. Re1 Nd7 29. Na4 Bg6 30. Rc1 Be4 (30... Rb5 $1 $17 {[%cal Rb5b3]} 31. Bc4 Rc8 32. Bxb5 Rxc1 33. Bxd7 Rc2+ 34. Ke3 Kxd7) 31. Rc7 $15 Bc6 {Strongly threatening ...h6.} 32. Nc3 Rc5 (32... Rd8 $15) 33. Rd4 {aiming for Rdxd7+!} Rf8+ 34. Ke2 {[#]} (34. Ke3 $11 Re5+ 35. Kd3) 34... Bf3+ $1 $17 35. Ke3 Rxc7 36. bxc7 Bc6 37. Ne4 {[#]} (37. h5 $17 {was called for.}) 37... Bxe4 (37... Rc8 $1 $19 {Hoping for ...e5.} 38. Ng5 Nc5) 38. Rxe4 $19 {[%mdl 4096] Endgame KRB-KRN} e5 {Black wants to play ...Kd6.} 39. Rg4 (39. Bd5 $11 Kd6 40. Rc4) 39... g6 $17 40. h5 Nf6 41. Rc4 Kd7 42. hxg6 hxg6 43. Bc2 Rc8 ({Black should play} 43... Nd5+ $15 44. Ke4 Nxc7 45. Kxe5 Re8+ 46. Kf6 Re6+ 47. Kf7 Ne8) 44. Bxg6 $11 Rxc7 45. Bf5+ Kd6 46. Rh4 (46. Rxc7 $11 Nd5+ 47. Ke4 Nxc7 48. Bc8) 46... Rc6 (46... Kd5 $15) 47. Rh2 ({Better is} 47. g4 $11) 47... Rb6 48. Rd2+ $1 Kc5 49. Rc2+ Kd5 {White must now prevent ...e4.} 50. Rd2+ Kc5 51. Rc2+ Kb4 52. g4 Kb3 {And now ...Nxg4+! would win.} 53. Rd2 Ne8 54. Ke4 {Precision: White = 46%, Black = 58%.} 1/2-1/2

[Event "Top 12 FRA-chT 2017"]
[Site "Chartres"]
[Date "2017.05.24"]
[Round "7"]
[White "Brunner, Nicolas"]
[Black "Laznicka, Viktor"]
[Result "1/2-1/2"]
[WhiteElo "2459"]
[BlackElo "2672"]
[Annotator "TA"]
[PlyCount "58"]
[EventDate "2017.??.??"]
[EventType "team-tourn"]
[EventCountry "FRA"]
[SourceTitle "playchess.com"]
[Source "ChessBase"]
[SourceQuality "1"]
[WhiteTeam "Vandoeuvre"]
[BlackTeam "Bois-Colombes"]

{[%evp 18,58,0,0,0,0,39,-24,-4,-31,51,20,24,23,16,32,32,44,37,42,80,79,81,68,91,83,108,104,139,142,136,149,133,127,128,136,134,124,125,108,125,131,168]} 1. d4 d5 2. c4 c6 3. Nf3 Nf6 4. Nc3 dxc4 5. a4 e6 6. e4 Bb4 7. e5 Nd5 8. Bd2 b5 9. axb5 Bxc3 10. bxc3 cxb5 {D31: Queen's Gambit Declined: Semi-Slav without ...Nf6 (+ Marshall Gambit and Noteboom) and Exchange Variation lines without ...Nf6} 11. Ng5 Bb7 12. h4 ({White should try} 12. Qh5 $14 Qe7 13. Be2) 12... Nd7 {Black has an edge.} 13. Rh3 {[#]} (13. Qf3 $5 {[%cal Rf3f7]} Qe7 14. Ne4 $15) 13... N5b6 $146 (13... Ne7 $15) ({Predecessor:} 13... Qe7 14. Rb1 Bc6 15. Ne4 O-O 16. Rg3 f5 17. Bg5 Qa3 18. Nd6 {0-1 (26) Jobava,B (2614)-Drozdovskij,Y (2509) playchess.com INT 2005}) 14. Qb1 h6 15. Ne4 $1 $40 {[%cal Re4d6][%mdl 128] White has some attack.} Bxe4 $1 16. Qxe4 Nd5 17. Rg3 Kf8 18. h5 f5 19. exf6 N7xf6 20. Qxe6 Qe8 {[#]} 21. Qxe8+ $1 Rxe8+ 22. Kd1 Re7 23. Ra5 Rb7 24. Rf3 Ke7 25. Rf5 Rd8 26. Kc2 Rd6 {[#]} 27. Be2 $1 a6 28. f4 Kd7 29. Bf3 Rbb6 {Precision: White = 71%, Black = 52%.} 1/2-1/2

[Event "Top 12 FRA-chT 2017"]
[Site "Chartres"]
[Date "2017.05.24"]
[Round "7"]
[White "Bellahcene, Bilel"]
[Black "Le Borgne, Pierre"]
[Result "1-0"]
[WhiteElo "2452"]
[BlackElo "2234"]
[Annotator "TA"]
[PlyCount "87"]
[EventDate "2017.??.??"]
[EventType "team-tourn"]
[EventCountry "FRA"]
[SourceTitle "playchess.com"]
[Source "ChessBase"]
[SourceQuality "1"]
[WhiteTeam "Tremblay-En-France"]
[BlackTeam "Lisieux"]

{[%evp 14,87,14,-1,39,10,31,9,34,12,28,9,19,25,25,0,41,18,46,22,74,24,105,85,97,94,102,87,90,106,111,91,85,97,114,101,104,114,115,90,287,273,268,272,272,285,267,285,455,284,301,293,282,222,242,249,243,224,228,236,247,250,243,243,317,287,316,307,348,360,365,365,354,339,408,406]} 1. b3 e5 2. Bb2 Nc6 3. e3 Nf6 4. Bb5 Bd6 5. Na3 a6 (5... e4 6. Nc4 Be7 7. Bxc6 bxc6 8. Ne2 O-O 9. O-O a5 10. d3 a4 11. Ng3 d5 12. Ne5 Qe8 13. dxe4 Nxe4 {½-½ (30) Rapport,R (2702)-Karjakin,S (2785) Wijk aan Zee 2017}) 6. Bxc6 {A01: Nimzowitsch-Larsen Opening} dxc6 7. Nc4 Qe7 8. Ne2 {LiveBook: 34 Games. The position is equal.} Bg4 (8... b5 $5 {[%cal Rb5c4]} 9. Nxd6+ cxd6 $11) 9. a4 O-O-O (9... O-O {with more complications.} 10. h3 Bh5 11. O-O Nd5 12. d4 e4) 10. f3 Bd7 $146 (10... Bf5 {seems wilder.} 11. O-O Bg6 12. e4 Bc5+ 13. Kh1 Nd7) ({Predecessor:} 10... Bh5 11. Nxd6+ Qxd6 12. e4 Rhe8 13. d3 {½-½ (43) Bromann,T (2394)-Brodowski,P (2440) Germany 2017}) 11. Nxd6+ Qxd6 12. d3 Nd5 13. Qd2 Rhe8 14. e4 (14. Ba3 $5 {[%cal Ra3d6]} c5 15. O-O $11) 14... Ne7 15. g4 {[%cal Bg2g4,Bg4g5][%mdl 32]} Qf6 16. Qe3 {next Qa7 is good for White.} Kb8 (16... c5 $1 $11) 17. h4 {[%cal Bh2h4,Bh4h5,Bh5h6][%mdl 32]} Ng6 (17... c5 $11) 18. g5 $36 {[%mdl 2048] White has strong initiative.} Qe7 19. h5 Nf8 20. O-O-O b5 21. axb5 axb5 22. h6 g6 23. d4 exd4 24. Bxd4 {Threatens to win with Kb2.} Kb7 25. Kb2 {Hoping for Bf6.} Ra8 26. Ra1 Rxa1 $2 (26... Ne6 $16) 27. Rxa1 $18 Ra8 28. Rxa8 Kxa8 {[#]} 29. Qc3 $1 {[%cal Rc3a5]} b4 {[#]} 30. Qc4 $1 {[%cal Rc4a6] Qa6+ would kill now.} Kb7 (30... Bc8 {was necessary.} 31. Qxc6+ Bb7 32. Qa4+ Kb8) 31. Bc5 Qe5+ 32. Kb1 Ne6 33. Qxb4+ Kc8 34. Qa5 {[%cal Ra5a8]} Be8 35. Qa6+ Kd8 36. Qd3+ Bd7 37. Be3 Qb5 38. Qd2 {And now Nd4 would win.} c5 39. f4 c4 40. Nc3 Qc6 41. b4 Qd6 42. Qxd6 cxd6 43. Nd5 Ba4 44. Kb2 {Precision: White = 61%, Black = 41%.} 1-0

[Event "Top 12 FRA-chT 2017"]
[Site "Chartres"]
[Date "2017.05.24"]
[Round "7"]
[White "Flear, Glenn C"]
[Black "Naiditsch, Arkadij"]
[Result "0-1"]
[WhiteElo "2439"]
[BlackElo "2700"]
[Annotator "TA"]
[PlyCount "82"]
[EventDate "2017.??.??"]
[EventType "team-tourn"]
[EventCountry "FRA"]
[SourceTitle "playchess.com"]
[Source "ChessBase"]
[SourceQuality "1"]
[WhiteTeam "Montpellier"]
[BlackTeam "Bischwiller"]

{[%evp 16,82,15,9,44,52,62,49,64,69,95,67,116,114,106,100,101,86,110,119,120,119,122,73,64,27,129,133,131,-16,-3,-16,-4,-18,0,-152,-67,-93,8,19,58,-25,-22,-151,-144,-167,-169,-237,-224,-308,-277,-300,-271,-437,-387,-1113,-1113,-1043,-878,-796,-772,-1787,-1656,-1240,-968,-1593,-1486,-1313,-1273]} 1. d4 Nf6 2. c4 g6 3. Nc3 Bg7 4. e4 d6 5. Be2 O-O 6. Bg5 Na6 7. f4 c6 8. Qd2 {E73: King's Indian: Averbakh Variation without 6...c5} Nc7 9. Bf3 {LiveBook: 29 Games} h6 $146 ({Predecessor:} 9... Ne6 10. Bh4 c5 11. dxc5 Nxc5 12. Rd1 Qa5 13. Nge2 Be6 14. b3 Rfe8 15. O-O Rad8 {½-½ (40) Khismatullin,D (2679)-Mamedov,R (2652) Khanty-Mansiysk 2014}) 10. Bh4 $1 {White is slightly better.} Nh7 11. Nge2 g5 12. fxg5 e5 {[%cal Rh6g5]} 13. Bf2 $1 hxg5 {And now ...g4 would win.} 14. h3 Ne6 15. O-O-O Qb6 16. Rhf1 Qa6 17. d5 Nf4 18. Nxf4 exf4 19. dxc6 bxc6 20. Be2 Qa5 (20... Be6 $11 {remains equal.}) 21. Bd4 $16 Bh6 22. Bg4 (22. h4 $16) 22... c5 $11 23. Bf2 Bg7 24. Bxc8 Rfxc8 25. Kb1 $2 (25. Be1 $11) 25... Rab8 (25... Bxc3 $1 $17 26. Qxc3 Qxc3 27. bxc3 Nf6) 26. Nb5 {[#]} Qb6 (26... Rxb5 $1 $17 27. cxb5 Qxb5) 27. b3 Rd8 28. Be1 ({White should try} 28. g3 $14) 28... Nf6 $1 $36 {[%mdl 2048] Black has the initiative.} 29. Qc2 {[#]} (29. Qd3 $11 {keeps the balance.}) 29... d5 $1 $17 {[%cal Rd5c4][%mdl 512] Strongly threatening ...dxc4.} 30. exd5 (30. cxd5 Qxb5) 30... Nxd5 31. Rxd5 (31. cxd5 $142 Qxb5 32. Bc3) 31... Rxd5 $19 32. cxd5 {Black must now prevent Nc3.} Qxb5 33. Rf3 c4 34. Qf5 $2 (34. h4) 34... Qe8 35. Bc3 $2 (35. Ba5 Qe7 36. Qc2) 35... cxb3 {Black is clearly winning.} 36. axb3 Rxb3+ 37. Kc2 Qa4 ({Less strong is} 37... Rxc3+ 38. Rxc3 Qe2+ 39. Kb3 $17) 38. Qc8+ Bf8 {( -> ...Rb8+)} 39. Kd3 Qa2 40. Qc4 Qb1+ 41. Kd2 Ra3 {Precision: White = 34%, Black = 63%.} 0-1

[Event "Top 12 FRA-chT 2017"]
[Site "Chartres"]
[Date "2017.05.24"]
[Round "7"]
[White "Boudiba, Mahfoud"]
[Black "Godard, Maxence"]
[Result "1-0"]
[WhiteElo "2409"]
[BlackElo "2329"]
[Annotator "NA"]
[PlyCount "94"]
[EventDate "2017.??.??"]
[EventType "team-tourn"]
[EventCountry "FRA"]
[SourceTitle "playchess.com"]
[Source "ChessBase"]
[SourceQuality "1"]
[WhiteTeam "Tremblay-En-France"]
[BlackTeam "Lisieux"]
[TimeControl "40/5400+30:1800+30"]

1. d4 {[%emt 0:02:44]} Nf6 {[%emt 0:00:35]} 2. c4 {[%emt 0:00:06]} e6 {[%emt 0:00:44]} 3. Nc3 {[%emt 0:01:30]} Bb4 {[%emt 0:00:20]} 4. e3 {[%emt 0:00:06]} O-O {[%emt 0:00:19]} 5. Nge2 {[%emt 0:00:07]} d5 {[%emt 0:00:43]} 6. a3 {[%emt 0:00:14]} Be7 {[%emt 0:00:36]} 7. Nf4 {[%emt 0:00:28]} c6 {[%emt 0:02:41]} 8. Bd3 {[%emt 0:04:06]} Nbd7 {[%emt 0:04:14]} 9. cxd5 {[%emt 0:00:48]} exd5 {[%emt 0:03:58] LiveBook: 60 Games} 10. O-O {[%emt 0:00:12] E46: Nimzo-Indian: Rubinstein: 4 e3 0-0 5 Ne2 without early Bd3} Nb6 {[%emt 0:04:43]} (10... Re8 11. f3 Nf8 12. Bc2 Ne6 13. e4 dxe4 14. Nxe6 Bxe6 15. fxe4 c5 16. e5 Nd5 17. Qd3 g6 18. Ba4 cxd4 {0-1 (50) Jones,G (2648)-Almasi,Z (2710) Warsaw 2013}) 11. Bc2 {[%emt 0:09:53]} Re8 {[%emt 0:08:45]} 12. f3 {[%emt 0:01:13]} c5 {[%emt 0:03:35]} 13. Re1 $146 {[%emt 0:08:10]} ({Predecessor:} 13. Bb3 Bf5 14. dxc5 Bxc5 15. Nfxd5 Nbxd5 16. Nxd5 Nxd5 17. Qxd5 Qxd5 18. Bxd5 Bxe3+ 19. Bxe3 Rxe3 20. Rfe1 Rae8 21. Kf2 Rxe1 22. Rxe1 Rxe1 {½-½ (22) Wiley,T (2264)-Gschnitzer,O (2440) Deizisau 2013}) 13... Bd6 {[%emt 0:03:13]} 14. dxc5 {[%emt 0:03:41]} Bxc5 {[%emt 0:00:09]} 15. Kh1 {[%emt 0:11:37]} d4 {[%emt 0:12:38]} 16. b4 {[%emt 0:04:57]} Bf8 {[%emt 0:01:30]} 17. exd4 {[%emt 0:11:54]} Qxd4 {[%emt 0:02:50]} 18. Qxd4 {[%emt 0:08:48]} Rxe1+ {[%emt 0:00:12]} 19. Qg1 {[%emt 0:00:07]} Rxg1+ {[%emt 0:00:08]} 20. Kxg1 {[%emt 0:00:09]} a5 {[%emt 0:03:37]} 21. Rb1 $11 {[%emt 0:01:47]} axb4 {[%emt 0:02:36]} 22. axb4 {[%emt 0:00:14]} Bd7 {[%emt 0:00:23]} 23. Be3 {[%emt 0:07:38]} Rc8 {[%emt 0:05:55]} 24. Bxb6 {[%emt 0:07:58]} Rxc3 {[%emt 0:00:24]} 25. Bb3 {[%emt 0:01:33]} Bxb4 {[%emt 0:02:56]} 26. Bxf7+ {[%emt 0:01:22]} Kxf7 {[%emt 0:00:10]} 27. Rxb4 {[%emt 0:00:04]} Rc2 {[%emt 0:01:20]} 28. Rb1 {[%emt 0:02:26]} Bc6 {[%emt 0:01:30]} 29. Re1 {[%emt 0:00:42]} Nd7 {[%emt 0:01:08]} 30. Bd8 {[%emt 0:00:20]} g5 {[%emt 0:01:46]} 31. Re7+ {[%emt 0:00:20]} Kg8 {[%emt 0:01:45]} 32. Re8+ {[%emt 0:02:53]} Kf7 {[%emt 0:01:25]} 33. Re7+ {[%emt 0:00:08]} Kg8 {[%emt 0:00:07]} 34. Ne6 {[%emt 0:01:36]} h6 {[%emt 0:02:33]} 35. Nd4 {[%emt 0:00:53]} Rd2 {[%emt 0:00:14]} 36. Nf5 {[%emt 0:00:44]} g4 {[%emt 0:01:56]} 37. Rg7+ {[%emt 0:01:19]} Kf8 {[%emt 0:01:14]} 38. Be7+ {[%emt 0:00:11]} Ke8 {[%emt 0:00:08]} 39. Nd6+ {[%emt 0:00:46]} Rxd6 {[%emt 0:00:28]} 40. Bxd6 {[%emt 0:00:05]} gxf3 {[%emt 0:30:09]} 41. g4 {[%emt 0:31:11]} Nf6 {[%emt 0:00:34]} 42. Bc5 {[%emt 0:02:46]} Ne4 {[%emt 0:05:47]} 43. Re7+ {[%emt 0:00:00]} Kd8 {[%emt 0:00:00]} 44. Re5 {[%emt 0:00:00]} Kd7 {[%emt 0:00:00]} 45. Be3 {[%emt 0:00:00]} b5 {[%emt 0:00:00]} 46. Rf5 {[%emt 0:00:00]} Nd6 {[%emt 0:00:00]} 47. Rf6 {[%emt 0:00:00]} b4 {[%emt 0:00:00]} 1-0

[Event "Top 12 FRA-chT 2017"]
[Site "Chartres"]
[Date "2017.05.24"]
[Round "7"]
[White "Vitoux, Colomban"]
[Black "Kveinys, Aloyzas"]
[Result "0-1"]
[WhiteElo "2382"]
[BlackElo "2520"]
[Annotator "TA"]
[PlyCount "52"]
[EventDate "2017.??.??"]
[EventType "team-tourn"]
[EventCountry "FRA"]
[SourceTitle "playchess.com"]
[Source "ChessBase"]
[SourceQuality "1"]
[WhiteTeam "Strasbourg"]
[BlackTeam "Saint Quentin"]

{[%evp 10,52,21,13,7,10,0,0,0,-34,0,0,0,-16,6,-5,0,-102,-91,-145,-131,-152,-156,-226,-240,-237,-226,-341,-335,-313,-304,-457,-400,-415,-435,-416,-433,-430,-401,-731,-674,-663,-634,-575,-245]} 1. e4 c5 2. Nf3 e6 3. c4 Nc6 4. Be2 g5 5. O-O Bg7 6. Nc3 {LiveBook: 3 Games. B40: Sicilian: 2...e6, Unusual lines} (6. d4 $5) 6... d6 7. d3 h6 8. Be3 {The position is equal.} Nge7 9. h3 Nd4 10. Bxd4 $146 ({Predecessor:} 10. Nh2 Ng6 11. Bh5 Nf4 12. Bxf4 gxf4 {½-½ (36) Zhurikhin,A (2347)-Alekseev,E (2682) St Petersburg 2014}) 10... cxd4 11. Nb5 Nc6 12. Qa4 e5 $1 13. Nh2 (13. b4 $1 $11 {keeps the balance.}) 13... h5 $1 $17 14. Qd1 (14. b4 $142) 14... a6 15. Na3 {[#]} g4 $1 {[%mdl 512]} 16. hxg4 (16. g3 $17 {is a better defense.}) 16... hxg4 $19 17. g3 Qg5 $40 {[%mdl 128] ( -> ...Qh5). Black has strong attack.} 18. Nxg4 (18. Kg2 {keeps fighting.}) 18... f5 ({Wrong is} 18... Qh5 $2 {[#]} 19. Nf6+ $1 {[%mdl 512]} Bxf6 20. Bxh5 $18) 19. exf5 Bxf5 20. Kg2 (20. Re1 {might work better.}) 20... O-O-O 21. f3 Rh7 (21... Qh5 $2 22. Rh1 $17) 22. Rh1 Rxh1 23. Qxh1 Rh8 24. Qe1 {[#]} (24. Qf1 $142 e4 25. fxe4 Bxg4 26. Bxg4+ Qxg4 27. Qf5+ Qxf5 28. exf5) 24... e4 $1 {[%mdl 512] And now ...exf3+ would win.Black is clearly winning.} 25. f4 (25. dxe4 Bxg4) 25... Qh5 26. Qh1 {Threatens to win with Qxh5.} Bxg4 {Precision: White = 24%, Black = 73%.} (26... Qe8 $142 27. Qe1 Qg6) 0-1